| 000 | 00857cam a2200229 i 4500 | ||
|---|---|---|---|
| 999 |
_c917 _d917 |
||
| 003 | OSt | ||
| 005 | 20200311124726.0 | ||
| 008 | 771006s1977 nyua 000 0 eng | ||
| 020 | _a9780195019193 | ||
| 040 |
_aDLC _cDLC _dDLC |
||
| 082 | 0 | 0 |
_a720.1 _bALE |
| 100 | 1 |
_aAlexander, Christopher, _d1936- |
|
| 245 | 1 | 2 |
_aA pattern language : _btowns, buildings, construction / _cChristopher Alexander, Sara Ishikawa, Murray Silverstein, with Max Jacobson, Ingrid Fiksdahl-King, Shlomo Angel. |
| 260 |
_aNew York : _bOxford University Press, _c1977. |
||
| 300 |
_axliv, 1171 p. : _bill. ; _c21 cm. |
||
| 500 | _aCompanion volume to The timeless way of building and The Oregon experiment. | ||
| 650 | 0 | _aSymbolism in architecture. | |
| 650 | 0 | _aSemiotics. | |
| 700 | 1 |
_aIshikawa, Sara, _ejoint author. |
|
| 700 | 1 |
_aSilverstein, Murray, _ejoint author. |
|
| 942 | _2ddc | ||